[Event "IX EICC"]
[Site "Plovdiv BUL"]
[Date "2008.04.23"]
[Round "3"]
[White "Kokarev,Dm"]
[Black "Volkov,Sergey1"]
[Result "1/2-1/2"]
[WhiteElo "2579"]
[BlackElo "2633"]
[EventDate "2008.04.21"]

1. e4 e6 2. d4 d5 3. Nc3 Nf6 4. e5 Nfd7 5. f4 c5 6. Nf3 Nc6 7. Be3 Be7 8.
Be2 O-O 9. O-O b6 10. Qd2 Bb7 11. Nd1 cxd4 12. Nxd4 Nc5 13. Nxc6 Bxc6 14.
Bd4 Ne4 15. Qe3 Bc5 16. Nf2 f5 17. Nxe4 Bxd4 18. Nf6+ Qxf6 19. Qxd4 Qe7 20.
Rad1 Rac8 21. c3 Rc7 22. Rf2 1/2-1/2

[Event "IX EICC"]
[Site "Plovdiv BUL"]
[Date "2008.04.23"]
[Round "3"]
[White "Kovacevic,A"]
[Black "Erdos,V"]
[Result "1/2-1/2"]
[WhiteElo "2616"]
[BlackElo "2576"]
[EventDate "2008.04.21"]

1. e4 e6 2. d4 d5 3. Nc3 Nf6 4. Bg5 dxe4 5. Nxe4 Nbd7 6. Nf3 h6 7. Nxf6+
Nxf6 8. Be3 Nd5 9. Bd2 c5 10. Bb5+ Bd7 11. Bxd7+ Qxd7 12. c4 Nb6 13. Rc1
Be7 14. dxc5 Bxc5 15. b4 Be7 16. O-O O-O 17. Qb3 Rfd8 18. Be3 Qa4 19. b5
Rac8 20. Bxb6 Qxb3 21. axb3 axb6 22. Rfd1 Bf6 23. Kf1 Kf8 24. Ke2 Ke7 25.
Rxd8 Rxd8 26. Rc2 Ra8 27. Kd3 Ra3 28. Nd2 Be5 29. g3 Bd6 30. Kc3 Be5+ 31.
Kd3 Bd6 32. Kc3 Be5+ 33. Kd3 1/2-1/2

[Event "IX EICC"]
[Site "Plovdiv BUL"]
[Date "2008.04.23"]
[Round "3"]
[White "Stevic,H"]
[Black "Kryvoruchko,Y"]
[Result "1/2-1/2"]
[WhiteElo "2571"]
[BlackElo "2612"]
[EventDate "2008.04.21"]

1. e4 c5 2. c3 Nf6 3. e5 Nd5 4. d4 cxd4 5. Nf3 Nc6 6. cxd4 d6 7. Bc4 Nb6 8.
Bb5 dxe5 9. Nxe5 Bd7 10. Nxd7 Qxd7 11. Nc3 e6 12. O-O Be7 13. Qg4 O-O 14.
Bxc6 1/2-1/2

[Event "IX EICC"]
[Site "Plovdiv BUL"]
[Date "2008.04.23"]
[Round "3"]
[White "Galkin,A"]
[Black "Papaioannou,I"]
[Result "1/2-1/2"]
[WhiteElo "2606"]
[BlackElo "2566"]
[EventDate "2008.04.21"]

1. e4 c5 2. Nf3 Nc6 3. d4 cxd4 4. Nxd4 Qb6 5. Nb3 Nf6 6. Nc3 e6 7. Bd3 d6
8. Qe2 a6 9. Be3 Qc7 10. f4 b5 11. O-O-O Nd7 12. g4 Nb4 13. Kb1 Nc6 14. Qf2
1/2-1/2

[Event "IX EICC"]
[Site "Plovdiv BUL"]
[Date "2008.04.23"]
[Round "3"]
[White "Sokolov,And1"]
[Black "Saric,Iv"]
[Result "1/2-1/2"]
[WhiteElo "2596"]
[BlackElo "2500"]
[EventDate "2008.04.21"]

1. e4 c5 2. Nf3 e6 3. c4 Nc6 4. Nc3 e5 5. Be2 d6 6. d3 g6 7. O-O Bg7 8. a3
a5 9. Nd5 Nge7 10. Bg5 O-O 11. Nxe7+ Nxe7 12. b4 f6 13. Bd2 Nc6 14. b5 Ne7
15. Ne1 f5 16. g3 f4 17. Ng2 g5 18. Bg4 Rf6 19. h4 h6 20. Kh2 b6 1/2-1/2

[Event "IX EICC"]
[Site "Plovdiv BUL"]
[Date "2008.04.23"]
[Round "3"]
[White "Kurnosov,I"]
[Black "Luch,M"]
[Result "1-0"]
[WhiteElo "2593"]
[BlackElo "2383"]
[EventDate "2008.04.21"]

1. e4 e6 2. d4 d5 3. Nc3 Bb4 4. e5 c5 5. a3 Bxc3+ 6. bxc3 Qc7 7. h4 cxd4 8.
cxd4 Qc3+ 9. Bd2 Qxd4 10. Nf3 Qe4+ 11. Be3 Nc6 12. Bd3 Qa4 13. h5 f6 14. h6
g6 15. Bd2 Nd4 16. exf6 Nxf3+ 17. Qxf3 Kf7 18. Bc3 Bd7 19. Be5 Rc8 20. Kf1
Bb5 21. Kg1 Bxd3 22. cxd3 Qc2 23. Qe3 Qc5 24. Bd4 Qd6 25. Rh3 e5 26. Bxe5
Qe6 27. Re1 b6 28. Qg5 Re8 29. Rhe3 Qf5 30. Qxf5 gxf5 31. Rg3 Nxh6 32. Rg7+
Ke6 33. Bc3+ Kd6 34. Rxe8 Rxe8 35. Rxh7 Ng4 36. f7 Rc8 37. f8=Q+ 1-0

[Event "IX EICC"]
[Site "Plovdiv BUL"]
[Date "2008.04.23"]
[Round "3"]
[White "Perunovic,Mil"]
[Black "Georgiev,Ki"]
[Result "1-0"]
[WhiteElo "2579"]
[BlackElo "2665"]
[EventDate "2008.04.21"]

1. e4 Nf6 2. e5 Nd5 3. d4 d6 4. Nf3 dxe5 5. Nxe5 c6 6. Bc4 Nd7 7. Nxd7 Bxd7
8. O-O Bf5 9. Bg5 h6 10. Bh4 g5 11. Bg3 Bg7 12. c3 h5 13. h3 Qd7 14. Be2
Nf4 15. Bxf4 gxf4 16. Bf3 O-O-O 17. Na3 e5 18. dxe5 Qe6 19. Qa4 Bxe5 20.
Rfe1 a6 21. Bxc6 bxc6 22. Qxa6+ Kd7 23. Nc4 f6 24. Rad1+ Ke7 25. Qa7+ Rd7
26. Qc5+ Kf7 27. Rxd7+ Qxd7 28. Rxe5 Qd1+ 29. Kh2 fxe5 30. Qxe5 Qd5 31.
Qxh8 Qxc4 32. Qxh5+ Kf6 33. Qh8+ Kg6 34. Qe5 Bb1 35. b3 Qe4 36. Qxe4+ Bxe4
37. a4 Bc2 38. a5 Bxb3 39. a6 c5 40. a7 Bd5 41. g4 Kg5 42. Kg1 Kh4 43. Kf1
Bf3 44. Ke1 c4 45. Kd2 Be4 46. Kc1 Bd5 47. Kc2 Be4+ 48. Kb2 f3 49. Ka3 Kxh3
50. g5 Kg2 51. g6 Kxf2 52. g7 Bd5 53. Kb4 Ke3 54. Kc5 f2 55. Kxd5 f1=Q 56.
g8=Q Qf3+ 57. Kd6 Qf4+ 58. Kd7 1-0

[Event "IX EICC"]
[Site "Plovdiv BUL"]
[Date "2008.04.23"]
[Round "3"]
[White "Timofeev,Arty"]
[Black "Minasian,Art"]
[Result "1-0"]
[WhiteElo "2664"]
[BlackElo "2574"]
[EventDate "2008.04.21"]

1. e4 d6 2. d4 g6 3. Nc3 c6 4. h3 Nd7 5. a4 Ngf6 6. Nf3 Qa5 7. Bd3 Bg7 8.
Bd2 Qc7 9. O-O O-O 10. Ne2 e5 11. dxe5 dxe5 12. Be3 Rd8 13. Ng3 Nf8 14. Qc1
Ne8 15. Ng5 h6 16. Nf3 Kh7 17. Nh2 Ne6 18. Ne2 Qe7 19. f4 exf4 20. Nxf4 Nc5
21. Bxc5 Qxc5+ 22. Kh1 Nd6 23. Rb1 a5 24. b3 Re8 25. Qe1 Kg8 26. Nf3 Nf5
27. Ne2 Nd6 28. Nd2 Bd7 29. Rd1 Rad8 30. Qh4 Qg5 31. Qf2 Be6 32. Nf3 Qe7
33. e5 Nc8 34. Nf4 Rf8 35. Qg3 Nb6 36. h4 Nd5 37. Nxe6 Qxe6 38. Rde1 Ne7
39. Bc4 Nf5 40. Qg4 h5 41. Qg5 Rd5 42. Bxd5 cxd5 43. Qf4 Bh6 44. Ng5 Qe7
45. Kh2 Rc8 46. c4 dxc4 47. bxc4 Re8 48. g3 Qa3 49. e6 f6 50. Qc7 Qe7 51.
Qxe7 Rxe7 52. Rxf5 gxf5 53. Nf7 Bd2 54. Re2 Bc1 55. c5 f4 56. Nh6+ Kf8 57.
Nf5 fxg3+ 58. Kxg3 Ba3 59. Nxe7 Kxe7 60. Kf4 1-0

[Event "IX EICC"]
[Site "Plovdiv BUL"]
[Date "2008.04.23"]
[Round "3"]
[White "Tiviakov,S"]
[Black "Nijboer,F"]
[Result "1-0"]
[WhiteElo "2635"]
[BlackElo "2558"]
[EventDate "2008.04.21"]

1. e4 e5 2. Bc4 Nf6 3. d3 Nc6 4. Nf3 Bc5 5. c3 a6 6. Bb3 Ba7 7. h3 h6 8.
Nbd2 O-O 9. Nh2 d5 10. Qf3 dxe4 11. dxe4 Nh7 12. Ng4 Kh8 13. Bc2 Qh4 14. g3
Qh5 15. Ne3 Qxf3 16. Nxf3 Be6 17. Ke2 Rad8 18. a4 a5 19. Nd2 Rfe8 20. Bd3
g6 21. g4 Re7 22. Bb5 Nb8 23. b3 c6 24. Bc4 Nf8 25. Ba3 Red7 26. Rhd1 Bxe3
27. fxe3 Kg7 28. Bxf8+ Rxf8 29. Bxe6 fxe6 30. Nc4 Rdf7 31. Rf1 Rxf1 32.
Rxf1 Rxf1 33. Kxf1 Nd7 34. Nxa5 Nc5 35. c4 b6 36. Nxc6 Nxb3 37. Ke2 Kf6 38.
Kd3 Nc5+ 39. Kc3 Nxa4+ 40. Kb4 Nc5 41. Kb5 Nxe4 42. Kxb6 Nd2 43. Na5 Nf1
44. e4 Nd2 45. c5 Nxe4 46. c6 Nc3 47. Nc4 Nd5+ 48. Kc5 Nc7 49. Kd6 Nb5+ 50.
Kd7 e4 51. Na3 Nc3 52. Nc4 Nb5 53. h4 h5 54. Nd6 Na7 55. c7 e3 56. g5+ Ke5
57. Nc4+ Kd4 58. Nxe3 Kxe3 59. Kxe6 Nc8 60. Kf6 Nb6 61. Kxg6 Nd5 62. Kf7
1-0

[Event "IX EICC"]
[Site "Plovdiv BUL"]
[Date "2008.04.23"]
[Round "3"]
[White "Kritz,L"]
[Black "Jianu,V"]
[Result "1/2-1/2"]
[WhiteElo "2609"]
[BlackElo "2531"]
[EventDate "2008.04.21"]

1. e4 c5 2. Nf3 d6 3. d4 cxd4 4. Nxd4 Nf6 5. Nc3 g6 6. Be3 Bg7 7. f3 O-O 8.
Qd2 Nc6 9. Bc4 Bd7 10. O-O-O Rb8 11. Bb3 Na5 12. Bh6 Bxh6 13. Qxh6 b5 14.
g4 b4 15. Nd5 Nxb3+ 16. Nxb3 Nxd5 17. exd5 Ba4 18. Nd4 Qa5 19. h4 Rfc8 20.
Kb1 Qxd5 21. b3 Bd7 22. h5 Qe5 23. Rhe1 Qg7 24. Qxg7+ Kxg7 25. Rxe7 Rd8 26.
hxg6 hxg6 27. g5 Rbc8 28. f4 Rc5 29. Kb2 Kf8 30. Re3 Re8 31. Rde1 Rec8 32.
Rh1 Kg7 33. Rh2 a5 34. a3 Rd5 35. Rd2 Rh8 36. axb4 axb4 37. Re7 Bh3 38. Nf3
Rxd2 39. Nxd2 Bf5 40. Nf3 Rh1 41. Re1 Rh3 42. Nd4 Rh4 43. Rf1 Bd7 44. Kc1
f6 45. gxf6+ Kxf6 46. Kd2 d5 47. Ke3 Rh3+ 48. Rf3 Rh2 49. Rf2 Rh3+ 50. Kd2
Bf5 51. Re2 1/2-1/2

[Event "IX EICC"]
[Site "Plovdiv BUL"]
[Date "2008.04.23"]
[Round "3"]
[White "Georgiev,Vl"]
[Black "Chirila,I"]
[Result "0-1"]
[WhiteElo "2572"]
[BlackElo "2422"]
[EventDate "2008.04.21"]

1. d4 d5 2. Nf3 c6 3. Bf4 Nf6 4. e3 Bf5 5. c4 e6 6. Nc3 Bd6 7. Ne5 O-O 8.
g4 Bxe5 9. dxe5 Nxg4 10. Rg1 Qh4 11. Qf3 Nd7 12. Qg2 g6 13. Be2 Ngxe5 14.
O-O-O Qh3 15. Qxh3 Bxh3 16. Rg3 Bf5 17. Bxe5 Nxe5 18. f4 Nd7 19. e4 dxe4
20. Rxd7 e5 21. Rxb7 exf4 22. Rg1 f3 23. Bf1 Rfe8 24. Rg3 h5 25. c5 h4 26.
Rg1 e3 27. Bc4 Be6 28. Bd3 f2 29. Rh1 Rad8 30. Be2 Rd2 31. Rb4 Bf5 32. Bd1
Bh3 33. Ne4 Rxe4 34. Rxe4 Bg2 35. Re8+ Kg7 36. Rf1 Bxf1 37. Rxe3 0-1

[Event "IX EICC"]
[Site "Plovdiv BUL"]
[Date "2008.04.23"]
[Round "3"]
[White "Petkov,V"]
[Black "Lupulescu,C"]
[Result "0-1"]
[WhiteElo "2415"]
[BlackElo "2558"]
[EventDate "2008.04.21"]

1. d4 d5 2. c4 e6 3. Nf3 c6 4. Nbd2 Nf6 5. e3 c5 6. cxd5 exd5 7. dxc5 Bxc5
8. a3 Bd6 9. b4 a5 10. b5 a4 11. Bb2 O-O 12. Be2 Nbd7 13. O-O Qe7 14. Qc2
Nc5 15. Rad1 Be6 16. Nd4 Ncd7 17. Qc1 Rfc8 18. Qa1 Nc5 19. N2f3 Nfd7 20.
Rc1 Nb6 21. Nd2 Bd7 22. Rfd1 f5 23. Nf1 Rf8 24. Bf3 Ne4 25. Nd2 Bxh2+ 26.
Kf1 Qh4 27. g3 Bxg3 28. fxg3 Qh2 0-1

[Event "IX EICC"]
[Site "Plovdiv BUL"]
[Date "2008.04.23"]
[Round "3"]
[White "Tahirov,F"]
[Black "Balog,I1"]
[Result "1-0"]
[WhiteElo "2533"]
[BlackElo "2415"]
[EventDate "2008.04.21"]

1. d4 Nf6 2. Nf3 g6 3. c4 Bg7 4. Nc3 d5 5. Bf4 O-O 6. cxd5 Nxd5 7. Nxd5
Qxd5 8. Bxc7 Na6 9. Bf4 Bf5 10. a3 Rac8 11. e3 Bc2 12. Qd2 Be4 13. Rc1
Rxc1+ 14. Qxc1 Qf5 15. Bxa6 Rc8 16. Qd1 Qa5+ 17. Nd2 bxa6 18. O-O Bd3 19.
Nb3 Qf5 20. g4 Qb5 21. a4 Qc4 22. Na5 Qc2 23. Re1 Qxd1 24. Rxd1 Be2 25. Rd2
Bf3 26. Nb3 a5 27. h3 h6 28. Kh2 g5 29. Be5 f6 30. Bg3 Rc4 31. Rd3 Rxa4 32.
Bc7 Ra2 33. Kg3 Bd5 34. Nc5 Rxb2 35. Ra3 e5 36. e4 Bc4 37. d5 Bf8 38. Rxa5
Rd2 39. Ne6 Be2 40. Rxa7 Rd3+ 41. Kh2 Bb4 42. Bd8 Rf3 43. Kg2 Be1 44. Bb6
Rb3 45. d6 Bf3+ 46. Kh2 Rxb6 47. d7 Rd6 48. d8=Q+ Rxd8 49. Nxd8 Bxf2 50.
Rf7 Be3 51. Rxf6 Bf4+ 52. Kg1 Kg7 53. Ra6 Be3+ 54. Kh2 Bxe4 55. Ra5 Bb6 56.
Ne6+ Kf7 57. Rxe5 Bc6 58. Re2 Kf6 59. Rb2 1-0

[Event "IX EICC"]
[Site "Plovdiv BUL"]
[Date "2008.04.23"]
[Round "3"]
[White "Lopez Martinez,Josep"]
[Black "Pedersen,NicV"]
[Result "0-1"]
[WhiteElo "2576"]
[BlackElo "2421"]
[EventDate "2008.04.21"]

1. e4 e5 2. Nf3 Nc6 3. Bb5 a6 4. Ba4 Nf6 5. O-O Be7 6. d3 b5 7. Bb3 d6 8.
c3 Na5 9. Bc2 c5 10. a4 Bg4 11. Nbd2 O-O 12. h3 Bh5 13. Re1 b4 14. d4 bxc3
15. bxc3 cxd4 16. cxd4 exd4 17. g4 d3 18. Bxd3 Bg6 19. Qe2 Nc6 20. Ba3 a5
21. Bb5 Nb4 22. Bxb4 axb4 23. Nd4 d5 24. Nc6 Qc7 25. exd5 Bc5 26. Qf3 Nxd5
27. Nb3 Bb6 28. a5 Ba7 29. Rad1 Qf4 30. Qxd5 Qg3+ 31. Qg2 Bxf2+ 32. Kf1
Bxe1 33. Qxg3 Bxg3 34. Rd4 Rfe8 35. Rxb4 Re1+ 36. Kg2 Re3 37. Nd2 Be1 38.
Rd4 Bxd2 39. Rxd2 Be4+ 40. Kf2 Rb3 41. Ba4 Rc3 42. Rd6 g6 43. Nd4 Rxa5 44.
Bb3 Ra7 45. h4 Rb7 46. Rd8+ Kg7 47. Re8 Bf3 0-1

[Event "IX EICC"]
[Site "Plovdiv BUL"]
[Date "2008.04.23"]
[Round "3"]
[White "Nevednichy,V"]
[Black "Dimitrov,Pa"]
[Result "1-0"]
[WhiteElo "2558"]
[BlackElo "2414"]
[EventDate "2008.04.21"]

1. e4 e5 2. Nf3 Nc6 3. Bc4 Nf6 4. d3 Be7 5. O-O O-O 6. a3 d6 7. h3 h6 8.
Nc3 a6 9. Be3 b5 10. Ba2 Nb8 11. a4 b4 12. Nd5 Nxd5 13. Bxd5 c6 14. Bb3 Nd7
15. a5 Bb7 16. Qe1 d5 17. Bd2 dxe4 18. Qxe4 Nc5 19. Qxb4 Qc7 20. Bc3 Nxb3
21. Qxb3 Bd6 22. Rfe1 c5 23. Nxe5 Rfe8 24. Nc4 Bh2+ 25. Kh1 Qc6 26. Re4
Rxe4 27. dxe4 Bc7 28. f3 Re8 29. Re1 Bc8 30. Ne3 Bg3 31. Rd1 Qg6 32. Nf1
Bc7 33. Qd5 Kh7 34. Qxc5 Bb8 35. Qb6 Be6 36. Qxa6 Qh5 37. Qe2 Bxh3 38. gxh3
Qxh3+ 39. Nh2 Qh5 40. Rg1 g6 41. Rg2 Rd8 42. e5 Ba7 43. b4 Qh4 44. Rg4 Qe7
45. b5 Bc5 46. b6 h5 47. Rc4 Rd5 48. f4 Qd7 49. Kg2 Qb7 50. Nf3 Qd7 51.
Ng5+ Kh6 52. e6 fxe6 53. Qxe6 Rd2+ 54. Bxd2 Qxd2+ 55. Kf3 Qd1+ 56. Ke4 Qh1+
57. Nf3 Qd1 58. Rxc5 Qe2+ 59. Kd5 Qxf3+ 60. Qe4 Qd1+ 61. Kc6 Qd8 62. b7
Qf6+ 63. Kb5 1-0

[Event "IX EICC"]
[Site "Plovdiv BUL"]
[Date "2008.04.23"]
[Round "3"]
[White "Marholev,D"]
[Black "Zhigalko,A"]
[Result "0-1"]
[WhiteElo "2400"]
[BlackElo "2545"]
[EventDate "2008.04.21"]

1. e4 c5 2. Nc3 d6 3. Nf3 Nc6 4. d4 cxd4 5. Nxd4 Nf6 6. Bc4 e6 7. Bb3 Be7
8. Be3 a6 9. Qe2 Nxd4 10. Bxd4 b5 11. O-O-O Bb7 12. f4 O-O 13. f5 b4 14.
Na4 e5 15. Bxe5 Nxe4 16. Bd4 Bf6 17. Bxf6 Qxf6 18. Bd5 Bxd5 19. Rxd5 Qh6+
20. Kb1 Ng3 21. hxg3 Qxh1+ 22. Rd1 Rae8 23. Qd2 Qh5 24. f6 gxf6 25. Nb6 Qe2
26. Qc1 Re6 27. Nd5 Rfe8 28. Nxb4 Qxd1 29. Qxd1 Re1 30. Kc1 Rxd1+ 31. Kxd1
Rb8 32. Nd3 a5 33. a4 Kf8 34. c3 Ke7 35. b4 Kd7 36. Kc2 Rg8 37. Nf4 Rxg3
38. b5 f5 0-1

[Event "IX EICC"]
[Site "Plovdiv BUL"]
[Date "2008.04.23"]
[Round "3"]
[White "Fedorchuk,S"]
[Black "Muratet Casadevall,A"]
[Result "1/2-1/2"]
[WhiteElo "2671"]
[BlackElo "2174"]
[EventDate "2008.04.21"]

1. e4 c5 2. Nf3 d6 3. d4 cxd4 4. Nxd4 Nf6 5. Nc3 a6 6. a4 Nc6 7. Be2 e5 8.
Nb3 Be7 9. O-O O-O 10. Kh1 Be6 11. f4 exf4 12. Nd4 Rc8 13. Bxf4 Nxd4 14.
Qxd4 d5 15. e5 Ne8 16. Rad1 Qa5 17. Nxd5 Qxd5 18. Qxd5 Bxd5 19. Rxd5 Rxc2
20. Bf3 Nc7 21. Rd7 Ne6 22. Bg3 Bb4 23. Rxb7 Rxb2 24. Bd5 Nd8 25. Rd7 h6
26. Bc4 a5 27. e6 fxe6 28. Rxf8+ Bxf8 29. h3 Rb4 30. Rxd8 Rxc4 31. Bd6 Rc1+
32. Kh2 Rf1 33. Ra8 g6 34. g4 Rf7 35. Kg2 h5 36. Be5 Kh7 37. Rxa5 hxg4 38.
hxg4 Bg7 39. Bb8 Rb7 40. Rb5 Rd7 41. a5 Rd4 42. Kf3 Ra4 43. Bc7 Bf6 44. g5
Be7 45. Rb8 Kg7 46. Ra8 Bxg5 47. Bb6 Bf6 48. Ke3 Ba1 49. Kd3 e5 50. Rc8 Bd4
51. Rc4 Ra3+ 52. Ke4 Bxb6 53. axb6 Rb3 54. Rc6 Rb5 55. Rd6 Kh6 56. Kd3 Kh5
57. Ke4 Rb4+ 58. Kxe5 g5 1/2-1/2

[Event "IX EICC"]
[Site "Plovdiv BUL"]
[Date "2008.04.23"]
[Round "3"]
[White "Elkin,L"]
[Black "Lilov,Valeri"]
[Result "1/2-1/2"]
[WhiteElo "2213"]
[BlackElo "2385"]
[EventDate "2008.04.21"]

1. d4 Nf6 2. c4 e6 3. Nc3 Bb4 4. f3 c5 5. d5 d6 6. e4 O-O 7. Nge2 Nh5 8.
Bd2 Bxc3 9. Bxc3 a6 10. a4 f5 11. Qc2 exd5 12. cxd5 fxe4 13. fxe4 Qe7 14.
O-O-O b5 15. g4 Nf6 16. e5 dxe5 17. d6 Qe8 18. Bg2 Ra7 19. Ng3 Nxg4 20.
Rhe1 Nc6 21. Bd5+ Kh8 22. Qe4 Nd4 23. Rxd4 cxd4 24. Bxd4 Nf6 25. Qxe5 Qxe5
26. Rxe5 Rd7 27. Nf5 Nxd5 28. Rxd5 Rfd8 29. Re5 Kg8 30. axb5 axb5 31. Bb6
Rf8 32. Ne7+ Kh8 33. Bc7 Ba6 34. Kd2 g6 35. Ke3 Rf6 36. Nd5 Rfxd6 37. Bxd6
Rxd6 38. Nc7 Rc6 39. Nxa6 Rxa6 40. Rxb5 Kg7 41. Kd4 Ra4+ 42. b4 Ra2 43. h4
h5 44. Rd5 Rh2 45. b5 Rxh4+ 46. Kc5 Rh1 47. b6 Rb1 48. Rd4 Rf1 49. b7 Rf8
50. Kc6 g5 51. Kc7 Kg6 52. Rd8 Rf7+ 53. Kc8 Rxb7 54. Kxb7 Kf5 55. Kc6 h4
56. Rb8 Kg4 57. Kd5 h3 58. Ke4 Kg3 1/2-1/2

[Event "IX EICC"]
[Site "Plovdiv BUL"]
[Date "2008.04.23"]
[Round "3"]
[White "Khmelniker,I"]
[Black "Huzman,A"]
[Result "1/2-1/2"]
[WhiteElo "2459"]
[BlackElo "2602"]
[EventDate "2008.04.21"]

1. d4 d5 2. Nf3 c6 3. c4 Nf6 4. e3 Bg4 5. Nc3 e6 6. h3 Bxf3 7. Qxf3 Nbd7 8.
Bd2 Bb4 9. Bd3 O-O 10. a3 Ba5 11. cxd5 exd5 12. b4 Bc7 13. O-O 1/2-1/2

[Event "IX EICC"]
[Site "Plovdiv BUL"]
[Date "2008.04.23"]
[Round "3"]
[White "Stanoev,A"]
[Black "Heberla,B"]
[Result "1/2-1/2"]
[WhiteElo "2193"]
[BlackElo "2509"]
[EventDate "2008.04.21"]

1. d4 c5 2. d5 g6 3. c4 d6 4. Nc3 Bg7 5. e4 e6 6. Nf3 Ne7 7. Be2 exd5 8.
cxd5 O-O 9. O-O a6 10. a4 Bg4 11. Bf4 Bxf3 12. Bxf3 Nc8 13. Qd2 Nd7 14. Bh6
Ne7 15. Bxg7 Kxg7 16. Be2 f5 17. f4 Nf6 18. Bf3 fxe4 19. Nxe4 Nxe4 20. Bxe4
Qd7 21. Bc2 Rae8 22. a5 Qg4 23. Rae1 Ng8 24. Rxe8 Rxe8 25. Bd1 Qf5 26. Bc2
Qf6 27. b4 c4 28. Rd1 Nh6 29. h3 Nf5 30. Bxf5 gxf5 31. Qd4 Qxd4+ 32. Rxd4
Re4 33. Rxe4 fxe4 34. Kf2 c3 35. Ke3 h5 36. g4 h4 37. Ke2 Kg6 38. Ke3 Kf6
39. Ke2 1/2-1/2

[Event "IX EICC"]
[Site "Plovdiv BUL"]
[Date "2008.04.23"]
[Round "3"]
[White "Yordanov,N"]
[Black "Efimov,Ig"]
[Result "0-1"]
[WhiteElo "2296"]
[BlackElo "2469"]
[EventDate "2008.04.21"]

1. e4 g6 2. d4 Bg7 3. Nf3 d6 4. h3 Nd7 5. Nc3 a6 6. Bc4 e6 7. Bg5 Ne7 8. a4
h6 9. Be3 O-O 10. Qd2 Kh7 11. O-O b6 12. Nh2 Nf6 13. Bd3 c5 14. dxc5 bxc5
15. Rad1 Bb7 16. b3 Qc7 17. Be2 d5 18. Bf4 e5 19. exd5 Nexd5 20. Nxd5 Nxd5
21. Bg3 f5 22. c4 Nf6 23. f3 Rad8 24. Qc2 Nh5 25. Bh4 Rd4 26. Bf2 Nf4 27.
Rxd4 cxd4 28. Rd1 e4 29. Rxd4 Bxd4 30. Bxd4 Nxh3+ 31. gxh3 Qg3+ 32. Kh1
exf3 33. Bxf3 Bxf3+ 34. Nxf3 Qxf3+ 35. Qg2 Qxg2+ 36. Kxg2 Rb8 37. c5 Rxb3
38. c6 Rb4 39. c7 Rc4 40. Be5 Kg8 41. Kf3 Kf7 42. Ke3 Ke6 43. Kd3 Rc6 44.
Kd4 0-1

[Event "IX EICC"]
[Site "Plovdiv BUL"]
[Date "2008.04.23"]
[Round "3"]
[White "Arnaudov,G"]
[Black "Arnaudov,P"]
[Result "0-1"]
[WhiteElo "2369"]
[BlackElo "2162"]
[EventDate "2008.04.21"]

1. e4 d6 2. d4 Nf6 3. Nc3 a6 4. a4 g6 5. Nf3 Bg7 6. h3 O-O 7. Be3 Nc6 8.
Be2 e5 9. d5 Ne7 10. Qd2 Nh5 11. Ng1 Nf4 12. Bf3 f5 13. g3 Nh5 14. Bg5 Nf6
15. Bg2 fxe4 16. g4 c6 17. Bxf6 Bxf6 18. Bxe4 cxd5 19. Nxd5 Nxd5 20. Qxd5+
Kg7 21. Nf3 Be7 22. O-O-O Qc7 23. Kb1 Rb8 24. Rd3 Qc6 25. Rc3 Qxd5 26. Bxd5
Bd8 27. Rd1 Bd7 28. Bb3 Bc6 29. Nd2 d5 30. f3 Bb6 31. Kc1 Rf4 32. Re1 Re8
33. Ba2 Rxa4 34. Kb1 Ba5 0-1

[Event "IX EICC"]
[Site "Plovdiv BUL"]
[Date "2008.04.23"]
[Round "3"]
[White "Van Beek,Al"]
[Black "Bozinovic,Bob"]
[Result "1-0"]
[WhiteElo "2343"]
[BlackElo "2134"]
[EventDate "2008.04.21"]

1. e4 d5 2. exd5 Qxd5 3. Nc3 Qa5 4. d4 Nf6 5. Bd2 Qb6 6. Nf3 Bg4 7. Be2 c6
8. Ne5 Bxe2 9. Qxe2 e6 10. O-O-O Bb4 11. Ne4 Bxd2+ 12. Rxd2 Nxe4 13. Qxe4
O-O 14. Rd3 Qa5 15. Rh3 h6 16. c4 Qd8 17. Rd1 Nd7 18. Rhd3 Qc7 19. Ng4 Kh8
20. Nxh6 gxh6 21. Qh4 Ne5 22. Qxh6+ Kg8 23. dxe5 1-0

[Event "IX EICC"]
[Site "Plovdiv BUL"]
[Date "2008.04.23"]
[Round "3"]
[White "Guseinov,G"]
[Black "Jenni,F"]
[Result "1-0"]
[WhiteElo "2625"]
[BlackElo "2550"]
[EventDate "2008.04.21"]

1. e4 e5 2. Nf3 Nc6 3. Bb5 a6 4. Bxc6 dxc6 5. O-O f6 6. d4 exd4 7. Nxd4 c5
8. Ne2 Qxd1 9. Rxd1 Bd7 10. Nbc3 O-O-O 11. Be3 Re8 12. Rd2 Bc6 13. Rad1 b6
14. a4 Nh6 15. Bxh6 gxh6 16. Ng3 Bd6 17. Rxd6 cxd6 18. Rxd6 Kc7 19. Rxf6
Rd8 20. Nf1 Rd4 21. f3 Bxa4 22. Nd5+ Kb7 23. Rf7+ Kb8 24. Nxb6 Bxc2 25.
Nd7+ Kc7 26. Nxc5+ Kb6 27. Nd7+ Kc6 28. Ne5+ Kb6 29. Rf6+ Kb5 30. Ne3 Bb3
31. Rxh6 Rd2 32. Rh5 Ka4 33. Nc6 Bf7 34. Ra5+ Kb3 35. Rxa6 Rxb2 36. Ne5 1-0

[Event "IX EICC"]
[Site "Plovdiv BUL"]
[Date "2008.04.23"]
[Round "3"]
[White "Narciso Dublan,M"]
[Black "Kourousis,E"]
[Result "1/2-1/2"]
[WhiteElo "2509"]
[BlackElo "2191"]
[EventDate "2008.04.21"]

1. e4 c6 2. d4 d5 3. Nd2 dxe4 4. Nxe4 Bf5 5. Nc5 b6 6. Nb3 e6 7. Nf3 Nd7 8.
g3 Qc7 9. Bg2 Ngf6 10. O-O Bd6 11. Nbd2 b5 12. c4 bxc4 13. Nxc4 Be4 14. Bd2
O-O 15. Qe2 Bd5 16. Rfc1 Rfe8 17. Nfe5 Bxe5 18. dxe5 Bxc4 19. Qxc4 Nxe5 20.
Qa6 Nd5 21. f4 Nd7 22. Qxc6 Qxc6 23. Rxc6 a5 24. f5 N7f6 25. fxe6 fxe6 26.
Re1 Rab8 27. b3 a4 28. bxa4 Rb2 29. Rd1 Rxa2 30. a5 Rb8 31. Bh3 Rbb2 32.
Bc1 Re2 33. Bxe6+ Kf8 34. Bh3 Rxa5 35. Bf1 Re8 36. Bc4 Ne3 37. Bxe3 Rxe3
38. Rc7 Re7 39. Rc8+ Re8 40. Rc7 Re7 41. Rc6 1/2-1/2

[Event "IX EICC"]
[Site "Plovdiv BUL"]
[Date "2008.04.23"]
[Round "3"]
[White "Butnorius,A"]
[Black "Iordachescu,V"]
[Result "1/2-1/2"]
[WhiteElo "2442"]
[BlackElo "2584"]
[EventDate "2008.04.21"]

1. Nf3 Nf6 2. c4 g6 3. Nc3 d5 4. cxd5 Nxd5 5. g3 Bg7 6. Bg2 Nb6 7. d3 Nc6
8. Be3 O-O 9. Qd2 e5 10. Bh6 Qe7 11. Bxg7 Kxg7 12. O-O Bd7 13. Rfc1 Rad8
14. b3 f6 15. Qb2 Rf7 16. Ne4 Bc8 17. a3 Nd4 18. Nc5 c6 19. b4 Ne6 20. a4
Nd5 21. Nxe6+ Bxe6 22. Rcb1 a6 23. Nd2 Nb6 24. b5 1/2-1/2

[Event "IX EICC"]
[Site "Plovdiv BUL"]
[Date "2008.04.23"]
[Round "3"]
[White "Mihok,O"]
[Black "Colovic,A"]
[Result "1/2-1/2"]
[WhiteElo "2352"]
[BlackElo "2493"]
[EventDate "2008.04.21"]

1. e4 c5 2. Nf3 d6 3. d4 cxd4 4. Nxd4 Nf6 5. Nc3 a6 6. Be3 e5 7. Nf3 Be7 8.
Bc4 O-O 9. O-O Be6 10. Bb3 Nc6 11. Qe2 Na5 12. Rfd1 Nxb3 13. axb3 Qe8 14.
Bg5 Nh5 15. Be3 Nf6 16. h3 h6 17. Nh2 Qc6 18. Qf3 Nd7 19. g4 Rad8 20. Rd2
Nc5 21. Rad1 b5 22. Qg2 b4 23. Nd5 Bxd5 24. Rxd5 Ne6 25. R1d2 Bg5 26. Nf1
Bf4 27. Ng3 g6 28. Kh1 Kh7 29. Ne2 Bxe3 30. fxe3 1/2-1/2

[Event "IX EICC"]
[Site "Plovdiv BUL"]
[Date "2008.04.23"]
[Round "3"]
[White "Ramesa,D"]
[Black "Kounalakis,E"]
[Result "1-0"]
[WhiteElo "2321"]
[BlackElo "2099"]
[EventDate "2008.04.21"]

1. Nf3 Nf6 2. c4 e6 3. d4 b6 4. Bf4 Bb4+ 5. Nbd2 Bb7 6. e3 O-O 7. a3 Be7 8.
Bd3 c5 9. O-O Nh5 10. Bg3 Nxg3 11. hxg3 cxd4 12. exd4 d5 13. Qc2 g6 14. c5
Nd7 15. b4 e5 16. c6 Bxc6 17. Qxc6 e4 18. Bb5 Nf6 19. Ne5 Rc8 20. Qb7 Rc7
21. Qa6 Rc2 22. Qxa7 Bd6 23. Rad1 e3 24. fxe3 Bxe5 25. dxe5 Ng4 26. Rfe1 d4
27. Qa4 Rb2 28. Nf3 Qd5 29. Rxd4 Qa2 30. Rxg4 Rxg2+ 31. Kh1 h5 32. Bc4 hxg4
33. Bxa2 gxf3 34. Qc6 Rxg3 35. Qf6 Rc8 36. Qxf7+ 1-0

[Event "IX EICC"]
[Site "Plovdiv BUL"]
[Date "2008.04.23"]
[Round "3"]
[White "Petrusic,T"]
[Black "Dinev,De"]
[Result "0-1"]
[WhiteElo "1956"]
[BlackElo "2298"]
[EventDate "2008.04.21"]

1. e4 c5 2. Nf3 Nc6 3. d4 cxd4 4. Nxd4 e5 5. Nb5 d6 6. N1c3 a6 7. Na3 Be6
8. Be2 Be7 9. O-O Nf6 10. Bg5 Nd4 11. Bxf6 Bxf6 12. Nc4 O-O 13. Ne3 Rc8 14.
Bd3 g6 15. Ncd5 Bg7 16. c3 Nc6 17. b4 Ne7 18. c4 f5 19. Rc1 Nc6 20. c5 Nd4
21. exf5 gxf5 22. Nb6 Rc6 23. f4 dxc5 24. bxc5 Bh6 25. g3 exf4 26. gxf4 Kh8
27. Kh1 Rg8 28. Ng2 Bxa2 29. Nc4 Rxc5 30. Na5 Bd5 0-1

[Event "IX EICC"]
[Site "Plovdiv BUL"]
[Date "2008.04.23"]
[Round "3"]
[White "Bojkov,D"]
[Black "Predojevic,B"]
[Result "1/2-1/2"]
[WhiteElo "2492"]
[BlackElo "2651"]
[EventDate "2008.04.21"]

1. e4 e5 2. Nf3 Nc6 3. Bc4 Nf6 4. d3 Bc5 5. O-O d6 6. c3 O-O 7. Nbd2 a6 8.
Bb3 Ba7 9. Nc4 h6 10. Be3 b5 11. Ncd2 Bxe3 12. fxe3 Na5 13. Bc2 c5 14. Qe1
Nc6 15. Nh4 g6 16. Qg3 Nh5 17. Qf2 Kg7 18. Bb3 Qf6 19. Bd5 Bd7 20. Nf5+
gxf5 21. exf5 Rad8 22. Ne4 Qxf5 23. Qxf5 Bxf5 24. Bxc6 Be6 25. a4 b4 26.
cxb4 cxb4 27. a5 f5 28. Nd2 Rf7 29. Rac1 Nf6 30. Bf3 Bd7 31. Bc6 Be6 32.
Bf3 Bd7 33. Bc6 Be6 1/2-1/2